[Event "13.Offene Südharz-Meisterschaft"]
[Site "Schloss Mansfeld"]
[Date "2019.12.22"]
[Round "4.4"]
[White "Schlag, Andreas"]
[Black "Derling, Charlotte"]
[Result "1/2-1/2"]
[WhiteElo "2057"]
[BlackElo "1383"]
[PlyCount "84"]
[EventDate "2019.??.??"]

1. e4 c5 2. Nf3 d6 3. d4 cxd4 4. Nxd4 Nf6 5. Nc3 g6 6. f4 Nc6 7. Be2 Bg7 8. Be3
Ng4 9. Nxc6 Nxe3 10. Nxd8 Nxd1 11. Rxd1 Bxc3+ 12. bxc3 Kxd8 13. e5 Kc7 14.
exd6+ exd6 15. Kf2 Re8 16. Rd2 Bf5 17. Rhd1 Rad8 18. Bd3 Bg4 19. Rb1 b6 20. h3
Be6 21. a3 f5 22. Re1 Bd7 23. Rde2 Rxe2+ 24. Rxe2 Re8 25. Rxe8 Bxe8 26. Kg3 d5
27. Kh4 h6 28. g4 fxg4 29. hxg4 Kd6 30. g5 h5 31. f5 gxf5 32. Bxf5 Kc5 33. Bd3
b5 34. g6 Bxg6 35. Bxg6 Kc4 36. Kxh5 Kxc3 37. Kg5 Kb2 38. Bd3 a6 39. Kf5 Kxa3
40. Ke5 Kb4 41. Kxd5 Kc3 42. Kc5 b4 1/2-1/2

[Event "13.Offene Südharz-Meisterschaft"]
[Site "Schloss Mansfeld"]
[Date "2019.12.22"]
[Round "4.5"]
[White "Kaschuba, Juergen"]
[Black "Ziervogel, Alexander"]
[Result "0-1"]
[WhiteElo "1683"]
[BlackElo "1847"]
[PlyCount "98"]
[EventDate "2019.??.??"]

1. Nc3 c6 2. e4 d5 3. exd5 cxd5 4. d4 Bf5 5. Bd3 Bxd3 6. Qxd3 e6 7. Nf3 Nc6 8.
O-O Nf6 9. Bg5 h6 10. Bxf6 gxf6 11. Rae1 a6 12. a3 Bg7 13. Ne2 Qd7 14. Ng3 Rg8
15. Nf5 Bf8 16. Ng3 O-O-O 17. c4 dxc4 18. Qxc4 Kb8 19. Ne4 Be7 20. Rc1 Rg4 21.
Nc5 Bxc5 22. Qxc5 Nxd4 23. Nxd4 Rxd4 24. g3 Rd5 25. Qe3 f5 26. Qxh6 Rd4 27. Qf6
Rd5 28. h4 Ka7 29. Rc2 e5 30. Rfc1 f4 31. Kg2 fxg3 32. fxg3 Rd2+ 33. Rxd2 Qxd2+
34. Qf2+ Kb8 35. Rc2 Qd5+ 36. Qf3 e4 37. Qe3 Qe6 38. Rf2 Rf8 39. Rf4 f5 40. g4
Rg8 41. g5 Rd8 42. Rf2 Ka8 43. Rd2 Rxd2+ 44. Qxd2 Qe5 45. Qc3 Qd5 46. g6 e3+
47. Kf1 Qf3+ 48. Ke1 Qf2+ 49. Kd1 e2+ 0-1

[Event "13.Offene Südharz-Meisterschaft"]
[Site "Schloss Mansfeld"]
[Date "2019.12.22"]
[Round "4.8"]
[White "Groebel, Henning"]
[Black "Eckert, David"]
[Result "1/2-1/2"]
[WhiteElo "1489"]
[BlackElo "1746"]
[PlyCount "44"]
[EventDate "2019.??.??"]

1. e4 c6 2. d4 d5 3. exd5 cxd5 4. Bd3 Nc6 5. Nf3 Nf6 6. O-O Nb4 7. Bb5+ Bd7 8.
Bxd7+ Nxd7 9. c3 Nc6 10. Bf4 e6 11. Re1 Be7 12. Nbd2 O-O 13. Nf1 Nf6 14. Ng3 b5
15. Ne5 Nxe5 16. dxe5 Nd7 17. Qg4 g6 18. Bh6 Re8 19. Nh5 Kh8 20. Bg7+ Kg8 21.
Bh6 Kh8 22. Bg7+ Kg8 1/2-1/2

[Event "13.Offene Südharz-Meisterschaft"]
[Site "Schloss Mansfeld"]
[Date "2019.12.22"]
[Round "4.9"]
[White "Zander, Luca"]
[Black "Reckner, Jens"]
[Result "0-1"]
[WhiteElo "1263"]
[BlackElo "1731"]
[PlyCount "48"]
[EventDate "2019.??.??"]

1. e4 d5 2. Nf3 Bg4 3. exd5 Qxd5 4. Nc3 Qd6 5. Qe2 Nf6 6. Ne4 Qe6 7. Nxf6+ exf6
8. Nd4 Qxe2+ 9. Bxe2 Bxe2 10. Kxe2 Bc5 11. Nb3 Bb6 12. Re1 O-O 13. Kf1 Nc6 14.
a3 a5 15. d3 a4 16. Nd2 Nd4 17. Nc4 Nxc2 18. Nxb6 cxb6 19. Re7 Rfe8 20. Rxe8+
Rxe8 21. Be3 Nxa1 22. Bxb6 Nc2 23. Be3 Nxe3+ 24. fxe3 Rxe3 0-1

[Event "13.Offene Südharz-Meisterschaft"]
[Site "Schloss Mansfeld"]
[Date "2019.12.22"]
[Round "5.1"]
[White "Groebel, Aaron"]
[Black "Woll, Wilfried"]
[Result "1/2-1/2"]
[WhiteElo "2117"]
[BlackElo "2038"]
[PlyCount "54"]
[EventDate "2019.??.??"]

1. e4 e6 2. d3 d5 3. Qe2 Nf6 4. g3 Be7 5. Nh3 dxe4 6. dxe4 e5 7. f3 O-O 8. Nf2
b6 9. Be3 Ba6 10. Qd2 Bxf1 11. Rxf1 Nbd7 12. c3 c5 13. Qe2 Qc7 14. Nd2 b5 15.
Rg1 c4 16. f4 Bc5 17. f5 Qb6 18. Bxc5 Nxc5 19. O-O-O Rfc8 20. Kb1 a5 21. g4 Na4
22. g5 Ne8 23. g6 fxg6 24. fxg6 h6 25. Ng4 Qe6 26. Qf3 Nf6 27. Nxf6+ Qxf6
1/2-1/2

[Event "13.Offene Südharz-Meisterschaft"]
[Site "Schloss Mansfeld"]
[Date "2019.12.22"]
[Round "5.2"]
[White "Dreke, Frank"]
[Black "Gast, Rainer"]
[Result "1-0"]
[WhiteElo "1912"]
[BlackElo "1932"]
[PlyCount "37"]
[EventDate "2019.??.??"]

1. e4 c6 2. Nf3 d5 3. Nc3 dxe4 4. Nxe4 Nd7 5. Bc4 e6 6. O-O Ngf6 7. d3 Qc7 8.
a4 Be7 9. Qe2 O-O 10. a5 Nxe4 11. dxe4 e5 12. Bd2 Nc5 13. b4 Ne6 14. Bc3 Bf6
15. g3 c5 16. b5 Nd4 17. Nxd4 exd4 18. Bb2 d3 19. cxd3 1-0

[Event "13.Offene Südharz-Meisterschaft"]
[Site "Schloss Mansfeld"]
[Date "2019.12.22"]
[Round "5.3"]
[White "Ziervogel, Alexander"]
[Black "Suliga, Eckhard"]
[Result "1-0"]
[WhiteElo "1847"]
[BlackElo "1660"]
[PlyCount "83"]
[EventDate "2019.??.??"]

1. d4 Nf6 2. c4 e6 3. Nc3 Bb4 4. a3 Bxc3+ 5. bxc3 c5 6. e3 b6 7. Ne2 Nc6 8. Ng3
e5 9. d5 Na5 10. Bd3 d6 11. O-O Ba6 12. Qe2 Qd7 13. e4 Nb3 14. Rb1 Nxc1 15.
Rbxc1 O-O 16. Nf5 g6 17. Ne3 Rae8 18. g4 Bc8 19. f3 Kg7 20. Rf2 h6 21. Rg2 Rg8
22. Qd2 Qe7 23. a4 Qc7 24. Ra1 a5 25. Kf2 Bd7 26. Bc2 Rb8 27. Rag1 Rbe8 28. Ke1
Bc8 29. Qf2 Qe7 30. Kd2 Rh8 31. Kc1 Bd7 32. Qg3 Rhg8 33. Rh1 Kh7 34. h4 Bc8 35.
Nf1 Bd7 36. Nd2 Qd8 37. Rhg1 Ref8 38. Kb2 Qe7 39. Qf2 Re8 40. f4 exf4 41. Qxf4
Qe5 42. Rf1 1-0

[Event "13.Offene Südharz-Meisterschaft"]
[Site "Schloss Mansfeld"]
[Date "2019.12.22"]
[Round "5.4"]
[White "Reckner, Jens"]
[Black "Schmidt, Alexander"]
[Result "0-1"]
[WhiteElo "1731"]
[BlackElo "1833"]
[PlyCount "86"]
[EventDate "2019.??.??"]

1. d4 Nf6 2. Bf4 d6 3. e3 g6 4. Nf3 Bg7 5. Nbd2 Bf5 6. Bd3 Bxd3 7. cxd3 O-O 8.
Rc1 c6 9. b4 Nd5 10. Qb3 Nxf4 11. exf4 a6 12. O-O e6 13. Nc4 Qc7 14. g3 Nd7 15.
Rfe1 Nb6 16. a4 Nd5 17. Ne3 Qd7 18. Rc2 Rfc8 19. Rec1 Bf6 20. Kg2 a5 21. Nxd5
cxd5 22. b5 Bd8 23. Rc3 Bb6 24. R1c2 Kg7 25. Qb1 Rxc3 26. Rxc3 Rc8 27. Qc2 Rxc3
28. Qxc3 h5 29. h3 Qd8 30. Qc2 Qc7 31. Qb2 Qc8 32. Qd2 Bd8 33. Kh2 b6 34. Kg2
Bf6 35. g4 hxg4 36. hxg4 e5 37. Kg3 e4 38. dxe4 dxe4 39. g5 exf3 40. gxf6+ Kxf6
41. d5 Qc4 42. Qb2+ Kf5 43. Qd2 g5 0-1

[Event "13.Offene Südharz-Meisterschaft"]
[Site "Schloss Mansfeld"]
[Date "2019.12.22"]
[Round "5.7"]
[White "Neuber, Pascal"]
[Black "Steudner, Reinhold"]
[Result "1-0"]
[WhiteElo "1810"]
[BlackElo "1836"]
[PlyCount "119"]
[EventDate "2019.??.??"]

1. e4 d6 2. d4 Nf6 3. Nc3 g6 4. Be3 c6 5. Qd2 b5 6. Bd3 Nbd7 7. Nf3 Nb6 8. O-O
Bg7 9. Bh6 O-O 10. Bxg7 Kxg7 11. a4 b4 12. Ne2 a5 13. h3 c5 14. dxc5 dxc5 15.
e5 Ng8 16. Ng3 h6 17. Rad1 c4 18. Be4 Qxd2 19. Nxd2 Ra7 20. b3 Be6 21. Bc6 h5
22. Bb5 c3 23. Nde4 Rc7 24. Ng5 Bc8 25. Rfe1 e6 26. N5e4 Nd5 27. Nf1 Nge7 28.
Ne3 Bb7 29. Nd6 Nxe3 30. Rxe3 Bd5 31. Nc4 Ra7 32. Red3 Be4 33. Rd7 Rfa8 34. Nb6
Rxd7 35. Rxd7 Rb8 36. Rxe7 Rxb6 37. Kf1 Bxc2 38. Bc4 Rc6 39. Ra7 Rc5 40. Bxe6
Rxe5 41. Bc4 Rf5 42. f3 g5 43. Kf2 g4 44. hxg4 hxg4 45. Ke3 gxf3 46. gxf3 Kg6
47. f4 f6 48. Bg8 Rh5 49. Bf7+ Kh6 50. Bxh5 Kxh5 51. Rxa5+ f5 52. Rb5 Bxb3 53.
Rxb4 Bd1 54. a5 Kg4 55. a6 Bf3 56. a7 Bd5 57. Kd3 Kg3 58. Kxc3 Kg4 59. Kd3 Kf3
60. Kd4 1-0

[Event "13.Offene Südharz-Meisterschaft"]
[Site "Schloss Mansfeld"]
[Date "2019.12.22"]
[Round "5.8"]
[White "Poetzsch, Reiko"]
[Black "Neuhoff, Laertes"]
[Result "1-0"]
[WhiteElo "1848"]
[BlackElo "1508"]
[PlyCount "75"]
[EventDate "2019.??.??"]

1. e4 c5 2. Nf3 d6 3. d4 cxd4 4. Nxd4 Nf6 5. Nc3 g6 6. Bg5 Bg7 7. Qd2 h6 8. Bh4
Nc6 9. Nb3 g5 10. Bg3 O-O 11. h4 g4 12. Bf4 h5 13. Bh6 Kh7 14. Bxg7 Kxg7 15.
Qg5+ Kh7 16. Bd3 Ne5 17. Nd5 Nxd3+ 18. cxd3 Nxd5 19. Qxh5+ Kg7 20. Qxd5 e6 21.
Qd4+ e5 22. Qe3 Be6 23. f3 g3 24. f4 exf4 25. Qxf4 Qf6 26. Qxg3+ Qg6 27. Qf2
Bxb3 28. axb3 Rfe8 29. O-O a6 30. Qd4+ Re5 31. Rf5 Rae8 32. Rg5 f6 33. Rxg6+
Kxg6 34. Qxd6 Rb5 35. Rf1 Rxb3 36. Qxf6+ Kh7 37. Qf7+ Kh6 38. Rf6# 1-0

[Event "13.Offene Südharz-Meisterschaft"]
[Site "Schloss Mansfeld"]
[Date "2019.12.22"]
[Round "5.9"]
[White "Richter, Thomas"]
[Black "Derling, Charlotte"]
[Result "1/2-1/2"]
[WhiteElo "1836"]
[BlackElo "1383"]
[PlyCount "114"]
[EventDate "2019.??.??"]

1. d4 d5 2. Nf3 Nf6 3. e3 e6 4. c4 c6 5. Nc3 Nbd7 6. Bd3 dxc4 7. Bxc4 b5 8. Be2
Bb7 9. O-O Be7 10. a3 O-O 11. e4 a6 12. Be3 c5 13. Qc2 cxd4 14. Nxd4 Rc8 15. f3
Bc5 16. Qd2 Ne5 17. Rfd1 Nc6 18. Nc2 Qxd2 19. Rxd2 Bxe3+ 20. Nxe3 Rfd8 21. Rad1
Kf8 22. Kf2 Ke7 23. Nc2 Rxd2 24. Rxd2 Rd8 25. Rxd8 Kxd8 26. Ke3 Kc7 27. Nd4 Kd6
28. b4 Nd7 29. f4 Nxd4 30. Kxd4 f6 31. a4 bxa4 32. Nxa4 e5+ 33. Ke3 exf4+ 34.
Kxf4 Bc6 35. Nc3 Bb7 36. g4 Ne5 37. Na4 Nd7 38. h4 Bc6 39. Nc3 Bb7 40. g5 Ke6
41. Bc4+ Kd6 42. gxf6 gxf6 43. Bg8 Nf8 44. Kf5 Ke7 45. Nd5+ Bxd5 46. Bxd5 Ng6
47. h5 Ne5 48. Bb7 Nd3 49. Bxa6 Nxb4 50. Bc4 Nc6 51. Kf4 Ne5 52. Bg8 Nd7 53.
Bxh7 Kf7 54. h6 Nc5 55. Bf5 Kg8 56. Ke3 Nxe4 57. Kxe4 Kh8 1/2-1/2

[Event "13.Offene Südharz-Meisterschaft"]
[Site "Schloss Mansfeld"]
[Date "2019.12.22"]
[Round "5.10"]
[White "Eckert, David"]
[Black "Prudlik, Finn Olmse"]
[Result "1-0"]
[WhiteElo "1746"]
[BlackElo "1515"]
[PlyCount "93"]
[EventDate "2019.??.??"]

1. e4 e5 2. Nf3 Nc6 3. Bb5 a6 4. Bxc6 dxc6 5. d4 exd4 6. Qxd4 Qxd4 7. Nxd4 Nf6
8. f3 Bd6 9. Be3 c5 10. Nb3 b6 11. Nc3 Be6 12. O-O O-O 13. Rad1 Rad8 14. Rd2
Be5 15. Rxd8 Rxd8 16. Rd1 Rxd1+ 17. Nxd1 c4 18. Nd4 Bd7 19. Ne2 Ba4 20. b3 cxb3
21. cxb3 Bb5 22. Ndc3 Bc6 23. Bd4 Bxd4+ 24. Nxd4 Bb7 25. Kf2 g6 26. Ke3 c5 27.
Nde2 Kg7 28. g3 h6 29. Kd3 b5 30. Nf4 g5 31. Nfe2 Nd7 32. f4 f6 33. Nd1 Kf7 34.
Ne3 Kg6 35. Nf5 Ba8 36. Ke3 h5 37. Nc3 g4 38. a4 b4 39. Nd1 Nb6 40. Nb2 Nd5+
41. Kd3 Nc3 42. Nd6 Bc6 43. Nbc4 Kg7 44. Nd2 f5 45. Nxf5+ Kf6 46. Ne3 Ke6 47.
Kc4 1-0